000 00953nam a22002057a 4500
999 _c64049
_d64049
003 Ge_BSU
005 20260316160745.0
008 260316s1955 ge ||||| |||| 00| 0 geo d
041 _ageo
080 _a330.133(1-664) კ-65
100 _aკოდუა, ი.
_926879
245 _aსაქონელწარმოება, ღირებულების კანონი და ფული სოციალიზმის დროს /
_cი. კოდუა.
264 _aთბილისი :
_bსახელგამი,
_c1955.
300 _a84 გვ. ;
_b20 სმ.
490 _aმეცნიერულ-პოპულარული ბიბლიოთეკა
504 _aბიბლიოგრ. შენიშვნებში.
653 _aსაქონელწარმოება
653 _aღირებულების კანონი. ფული
942 _2udc
_cᲬᲘᲒᲜᲘ